00815 2200313 4500001002100000005001500021035002000036007000300056040001700059100002900076245003900105250001000144300003200154020002200186041000800208082000800216084001400224090002000238264003200258336002100290337003000311338002300341650001100364700003400375850001000409008004100419990001800460990002300478INLIS00000000000830120260526113940 a0010-0922000790ta aSBPUPADbind0 aBenny RamdaniePengarang1 aMimpi Sang Garuda /cBenny Ramdani acet.3 a128 hlm :bilus. ;c19,5 cm a978-979-066-016-8 aind a813 a813 BEN m a813 BEN m 24-10 aBandung :bDar Mizan,c2009 2rdacontentateks 2rdamediaatanpa perantara 2rdacarrieravolume 4aCerpen ailustrator, AdimasePengarang aPUPAD260526 1  a10088/BR/KAPD a10007/BR/KAPD/2009